Estatísticas para Os Sete Anões

Clique aqui para jogar o quiz

Estatísticas Gerais

  • Esse quiz foi jogado 94 vezes
  • A pontuação média é 5 de 7

Estatísticas das Respostas

Anão% Correto
Zangado
91%
Soneca
86%
Dunga
84%
Atchim
74%
Mestre
72%
Feliz
68%
Dengoso
59%

Distribuição das Pontuações

Percentil de Números Respondidos

Porcentagem de Pessoas com Cada Pontuação

Sua Pontuação Histórica

Você não jogou esse quiz